Fechas claves para Catalunya - Estadísticas

Estadísticas generales
  • Esta prueba ha sido intentada 17 veces
  • La puntuación promedio es 12 de 98
Estadísticas de respuestas
Hint Respuesta % Correcto
Jaime I conquista las Baleares 1229
45%
Jaime I y sus tropas llegan a Valencia 1238
45%
Las bases de Manresa 1892
45%
Diada Nacional 11 de septiembre
36%
Frente Popular gana las elecciones 1936
36%
Pragmática Sanción 1830
27%
Primera Guerra Carlista 1833
27%
perdida de las ultimas colonias españolas 1888
27%
12 de septiembre de 1213 Batalla de Muret
27%
1701-1714 Guerra de Sucesión Española
27%
gran derrota catalana 11 de septiembre 1714
18%
Batalla de Muret 12 de septiembre de 1213
18%
casamiento RRCC 1469
18%
proclamación de la 2nda República 14 de abril 1931
18%
Reunión ibérica 1580-1640
18%
Guerra de los Treinta años 1618-1648
18%
Guerra de los segadores 1640-1652
18%
Tratado de los Pirineos 1659
18%
Decreto de Nueva Planta 16 de enero 1716
18%
Guerra de Sucesión Española 1701-1714
18%
guerra del francés 1808-1814
18%
Transición democrática 1975
18%
primeras elecciones regionales 1983
18%
Constitución de Cádiz 19 de marzo de 1812
18%
Restauración de la Independencia de Portugal 1 de diciembre de 1640
18%
referéndum para votar la independencia de Cataluña 1er de octubre de 2017
18%
manifestaciones independentistas 2012
18%
la batalla de Almansa 25 de abril de 1707
18%
Tratado de Almizra 26 de marzo de 1244
18%
levantamiento Madrileno 2 de mayo de 1808
18%
fundación del reino Valenciano 9 de octubre de 1238
18%
11 de septiembre Diada Nacional
18%
1229 Jaime I conquista las Baleares
18%
1238 Jaime I y sus tropas llegan a Valencia
18%
Puigdemont quiere trabajar con el gobierno español para la Independencia 10 de octubre de 2017
9%
Jordi Pujol presidente de la Generalitat 1983-2003
9%
gana el PSOE por los atentados de Atocha 2004
9%
Estatuto de Autonomía de Cataluña 2006
9%
tribunal supremo da sentencias de 10 hasta 20 años. 2019
9%
Pedro Sánchez les da la gracia y amnistía 2020
9%
alocución de Felipe VI 3 de octubre de 2017
9%
Estatuto para Catalunya, vuelve la Generalitat Bajo la 2R
9%
1469 casamiento RRCC
9%
Decreto de Nueva Planta centralismo : unificacion institucional, leyes, abolicion fueros
9%
19 de marzo de 1812 Constitución de Cádiz
9%
el poder ya no está en el rey sino en la Nación Constitución de Cádiz
9%
prohibición del catalán Décadas 40-50
9%
se permitía hablar catalán sin estar autorizado Décadas 60-70
9%
expulsa a los moriscos Decreto de Felipe III
9%
16 de enero 1716 Decreto de Nueva Planta
9%
centralismo : unificacion institucional, leyes, abolicion fueros Decreto de Nueva Planta
9%
Pragmática Sanción Deroga la Ley Sálica
9%
la batalla de Almansa Desaparece el reino de Valencia
9%
valido del rey Felipe IV el Conde-Duque de Olivares
9%
Constitución de Cádiz el poder ya no está en el rey sino en la Nación
9%
Bajo la 2R Estatuto para Catalunya, vuelve la Generalitat
9%
Decreto de Felipe III expulsa a los moriscos
9%
9 de octubre de 1238 fundación del reino Valenciano
9%
11 de septiembre 1714 gran derrota catalana
9%
1808-1814 guerra del francés
9%
1640-1652 Guerra de los segadores
9%
1618-1648 Guerra de los Treinta años
9%
25 de abril de 1707 la batalla de Almansa
9%
Desaparece el reino de Valencia la batalla de Almansa
9%
1892 Las bases de Manresa
9%
Piden autonomía, catalán como única lengua oficial Las bases de Manresa
9%
2 de mayo de 1808 levantamiento Madrileno
9%
1888 perdida de las ultimas colonias españolas
9%
Las bases de Manresa Piden autonomía, catalán como única lengua oficial
9%
1830 Pragmática Sanción
9%
Deroga la Ley Sálica Pragmática Sanción
9%
1833 Primera Guerra Carlista
9%
14 de abril 1931 proclamación de la 2nda República
9%
1 de diciembre de 1640 Restauración de la Independencia de Portugal
9%
1580-1640 Reunión ibérica
9%
26 de marzo de 1244 Tratado de Almizra
9%
1659 Tratado de los Pirineos
9%
el Conde-Duque de Olivares valido del rey Felipe IV
9%
podía volver la Generalitat Adolfo Suárez decidió que
0%
Estatuto de Autonomía de Cataluña recuerda a qué ? a las Bases de Manresa (1892)
0%
3 de octubre de 2017 alocución de Felipe VI
0%
Jordi Pujol de derecha que pactó con los nacionalistas de izquierda
0%
2006 Estatuto de Autonomía de Cataluña
0%
a las Bases de Manresa (1892) Estatuto de Autonomía de Cataluña
0%
1936 Frente Popular gana las elecciones
0%
2004 gana el PSOE por los atentados de Atocha
0%
de derecha que pactó con los nacionalistas de izquierda Jordi Pujol
0%
1983-2003 Jordi Pujol presidente de la Generalitat
0%
2012 manifestaciones independentistas
0%
2020 Pedro Sánchez les da la gracia y amnistía
0%
Adolfo Suárez decidió que podía volver la Generalitat
0%
1983 primeras elecciones regionales
0%
Décadas 40-50 prohibición del catalán
0%
10 de octubre de 2017 Puigdemont quiere trabajar con el gobierno español para la Independencia
0%
1er de octubre de 2017 referéndum para votar la independencia de Cataluña
0%
Décadas 60-70 se permitía hablar catalán sin estar autorizado
0%
1975 Transición democrática
0%
2019 tribunal supremo da sentencias de 10 hasta 20 años.
0%
No se encontraron pruebas coincidentes
Distribución de puntuación
Porcentaje de gente con cada puntuación
Porcentaje por número respondido
Historial de tus puntuaciones
No has intentado esta prueba.